LEADER 00586naa a2200145 i 4500 001 000000301697 003 CaOOAMICUS 005 20180831172727.0 008 180831n xx u000 u und u 013 $a9431 040 $aSeMil$bita 100 1 $aGilbert, Milton.$0(OLS)http://semarc/name/86616 245 13$aLa liquidità internazionale :$bla situazione attuale. 773 0 $tRiforma monetaria e il prezzo dell'oro.$dBologna : Il Mulino, 1968.$kQuaderni dell'Istituto affari internazionali$w()35627 996 $6245$aLa liquidità internazionale :$bla situazione attuale$9(OLS)http://semarc/title/377690 LEADER 00644nas a2200157 i 4500 001 000000021168 003 CaOOAMICUS 005 20180830125445.0 008 180830s1974 it u0 ita u 040 $aSeMil$bita 245 10$aThesaurus Ecclesiarum Italiae. Sez. 2. Lombardia /$ca cura di Eugenio Massa. 260 $aRoma :$bEdizioni di Storia e Letteratura,$c1974. 300 $av. ;$c26 cm. 700 1 $aMassa, Eugenio <1919-2007>.$0(OLS)http://semarc/name/1529 996 $6245$aThesaurus Ecclesiarum Italiae. Sez. 2. Lombardia$9(OLS)http://semarc/title/27972 996 $6260$aRoma :$bEdizioni di Storia e Letteratura$9(OLS)http://semarc/publisher/29779